Кн. 5 : Квантовая оптика. Атомная физика. Физика твердого тела. Физика атомного ядра и элементарных частиц; Курс общей физики

Opis bibliograficzny
Parent link:Курс общей физики: учебное пособие для втузов/ И. В. Савельев. Кн. 5 : Квантовая оптика. Атомная физика. Физика твердого тела. Физика атомного ядра и элементарных частиц.— , 2004.— 5-17-008962-7
Język:rosyjski
Wydane: 2004
Hasła przedmiotowe:
Format: Książka
KOHA link:https://koha.lib.tpu.ru/cgi-bin/koha/opac-detail.pl?biblionumber=86619

MARC

LEADER 00000nam2a2200000 4500
001 86619
005 20231101213506.0
010 |a 5170045875 
010 |a 5-271-01307-3 
035 |a (RuTPU)RU\TPU\book\93017 
090 |a 86619 
100 |a 20051128d2004 m y0rusy50 ca 
101 0 |a rus 
102 |a RU 
105 |a a j 001zy 
200 0 |a Кн. 5 : Квантовая оптика. Атомная физика. Физика твердого тела. Физика атомного ядра и элементарных частиц 
210 |d 2004 
215 |a 368 с.  |c ил. 
320 |a Предметный указатель: с. 364-368. 
451 1 |0 (RuTPU)RU\TPU\book\108588  |y 5-17-004587-5  |t Кн. 5 : Квантовая оптика. Атомная физика. Физика твердого тела. Физика атомного ядра и элементарных частиц  |d 2005  |d 2003  |p 368 с. 
451 1 |0 (RuTPU)RU\TPU\book\61158  |y 5-271-01307-3  |t Кн. 5: Квантовая оптика. Атомная физика. Физика твердого тела. Физика атомного ядра и элементарных частиц  |p 368 с. 
451 |y 5-17-004587-5 
451 |y 5-271-01307-3 
461 1 |0 (RuTPU)RU\TPU\book\91101  |y 5-17-008962-7  |y 5-271-01033-3  |t Курс общей физики  |o учебное пособие для втузов  |o в 5 кн.  |f И. В. Савельев  |v Кн. 5 : Квантовая оптика. Атомная физика. Физика твердого тела. Физика атомного ядра и элементарных частиц  |d 2004 
606 1 |a Физика  |2 stltpush  |3 (RuTPU)RU\TPU\subj\63709  |9 80688 
606 1 |a Квантовая оптика  |2 stltpush  |3 (RuTPU)RU\TPU\subj\14216  |9 40672 
606 1 |a Атомная физика  |2 stltpush  |3 (RuTPU)RU\TPU\subj\29674  |9 52952 
610 1 |a квантовая физика 
610 1 |a твердые тела 
610 1 |a атомное ядро 
610 1 |a элементарные частицы 
610 1 |a тепловое излучение 
610 1 |a фотоны 
610 1 |a атомы 
610 1 |a боровская теория 
610 1 |a молекулы 
610 1 |a эффект Зеемана 
610 1 |a принцип Паули 
610 1 |a кристаллические решетки 
610 1 |a колебания 
610 1 |a металлы 
610 1 |a полупроводники 
610 1 |a электропроводность 
610 1 |a контактные явления 
610 1 |a термоэлектрические явления 
610 1 |a учебные пособия 
675 |a 53(075.8)  |v 3 
675 |a 535.14(075.8)  |v 3 
675 |a 539.18(075.8)  |v 3 
801 1 |a RU  |b 63413507  |c 20031119  |g PSBO 
801 2 |a RU  |b 63413507  |c 20140221  |g PSBO 
900 |a Основы физики твердого тела 
942 |c BK